| 000 | 00634nam a2200241Ia 4500 | ||
|---|---|---|---|
| 999 |
_c4575 _d4575 |
||
| 003 | 0100 | ||
| 005 | 20170608140221.0 | ||
| 008 | 130227s9999 xx 000 0 und d | ||
| 020 | _a0375709487 | ||
| 040 | _cARRUPELIB | ||
| 050 | _aDT14.G385 1999 | ||
| 100 |
_aGates, Henry Louis _932350 |
||
| 245 | _aWonders of the African world | ||
| 260 |
_bAlfred A. Knopf _aNew York _c1999 |
||
| 300 | _ax | ||
| 300 | _b 275p 25cm | ||
| 650 |
_aAfrica _xCivilization _922754 |
||
| 700 |
_aDavis, Lynn (photos) _932351 |
||
| 942 |
_2lcc _cMONOGRAPH |
||